|
|
|
|
| LEADER |
00000naa0a2200000 4500 |
| 001 |
602900 |
| 005 |
20250311143553.0 |
| 035 |
|
|
|a (RuTPU)RU\TPU\tpu\29806
|
| 035 |
|
|
|a RU\TPU\prd\156578
|
| 090 |
|
|
|a 602900
|
| 100 |
|
|
|a 20210520d1928 k||y0rusy50 ca
|
| 101 |
0 |
|
|a rus
|
| 102 |
|
|
|a RU
|
| 200 |
1 |
|
|a Шлакобетон при высокой температуре
|f И. Ф. Пономарев
|
| 333 |
|
|
|a В фонде НТБ ТПУ отсутствует
|
| 461 |
|
|
|t Строительная промышленность
|o научно-технический и производственный журнал
|f СССР, Государственный комитет по делам строительства (Госстрой СССР)
|d 1923-1958
|
| 463 |
|
|
|t № 5
|v С. 337-338
|d 1928
|
| 610 |
1 |
|
|a строительное дело
|
| 610 |
1 |
|
|a труды учёных ТПУ
|
| 700 |
|
1 |
|a Пономарев
|b И. Ф.
|c российский физико-химик, один из основателей науки о силикатах
|c профессор ТТИ
|f 1882-1982
|g Иван Федорович
|3 (RuTPU)RU\TPU\pers\21876
|
| 801 |
|
0 |
|a RU
|b 63413507
|c 20011210
|g PSBO
|
| 801 |
|
2 |
|a RU
|b 63413507
|c 20220111
|g PSBO
|
| 942 |
|
|
|c CR
|